1946 1540 1149 1825 1191 1783 1477 1169 1444 1938 1996 1507 1164 1357 1140 1035 1404 1675 1899 1345 1025 1953 1235 1682 1953 1199 1211 1527 1572 1202 1156 1797 1813 1113 1973 1803 1586 1500 1877 1501 1803 1778 1406 1388 1189 1690 1828 1906 1959 1352 1476 1930 1909 1884 1613 1615 1084 1428 1697 1469 1407 1232 1646 1875 1156 1536 1381 1695 1896 1076 1964 1924 1082 1540 1168 1666 1167 1810 1036 1418 1912 1825 1420 1584 1098 1825 1350 1110 1100 1213 1659 1845 1778 1639 1339 1006 1011 1543 1351 BCNSPRNW ULIB Ver.6.0+V

เปลี่ยนเป็นภาษาไทย

Change to English
 แสดงรายละเอียดบรรณานุกรม
  กลับหน้าหลัก

Brief Record : Get Marc (ISO 2709) : E-mail record : QR code < ปิดหน้าต่าง
LEADER : 00000nam 2200000uu 4500
001    13399113628
003     ULIB
008    111201s2550||||th 000 0 tha d
020    ^a9749984633
090    ^aนว.^bจ686ห 2550
100 0  ^aเจ้าหญิงผู้เลอโฉม
245 00 ^aหนุ่มแว่นหน้าใสเกี่ยวหัวใจยัยตัวแสบ 2 /^cเจ้าหญิงผู้เลอโฉม
250    ^aพิมพ์ครั้งที่ 1
260    ^aกรุงเทพฯ :^bแจ่มใส,^c2550
300    ^a176 หน้า
710 1  ^aแจ่มใส
945    ^p139^l0^i14047
995    ^aกัณชพร
999    ^aใช้งานได้ทุกระบบ
รายการนี้ยังไม่มีแท็ก
คุณยังไม่ได้ล็อกอิน คุณสามารถมีกิจกรรมร่วมกับเว็บไซต์ได้ แต่ต้องล็อกอินก่อน ::
  ล็อกอิน

รายการสื่อสารสนเทศ

ลำดับที่ ประเภท เลขเรียก/บาร์โค้ด สถานที่ สถานะ
1. นวนิยาย
นวนิยาย
นว. จ686ห 2550 ฉ.1 
  Barcode: 14047
ห้องสมุดวิทยาเขตสวรรค์ประชารักษ์
►นวนิยาย
บนชั้น
  ขอยืม

รายการใกล้เคียง
    ผู้แต่ง [เจ้าหญิงผู้เลอโฉม]

BibComment


ยังไม่เคยถูกคอมเมนท์

คอมเมนท์ทรัพยากรรายการนี้
  คอมเมนท์: หนุ่มแว่นหน้าใสเ..


 Copyright 2026. Bcnsprnw @Library